Valuation and sale price 2019 (Record no. 116281)

MARC details
000 -LEADER
fixed length control field 00957cad a22002175a 4500
001 - CONTROL NUMBER
control field L160218
008 - FIXED-LENGTH DATA ELEMENTS--GENERAL INFORMATION
fixed length control field 190409s2019 xxk f 000 0 eng d
020 ## - INTERNATIONAL STANDARD BOOK NUMBER
International Standard Book Number 9781783213481
035 ## - SYSTEM CONTROL NUMBER
System control number (Sirsi) u160218
041 0# - LANGUAGE CODE
Language code of text/sound track or separate title eng
100 1# - MAIN ENTRY--PERSONAL NAME
Personal name Walvekar, Girish
245 00 - TITLE STATEMENT
Title Valuation and sale price 2019
Medium [electronic resource]
260 ## - PUBLICATION, DISTRIBUTION, ETC.
Place of publication, distribution, etc. London
Name of publisher, distributor, etc. RICS
Date of publication, distribution, etc. 2019
490 #0 - SERIES STATEMENT
Series statement RICS Insights
520 ## - SUMMARY, ETC.
Summary, etc. Compares data from the 2017 MSCI UK Annual Property Index against the sale prices of UK commercial property. It analyses the performance of the valuation profession in the UK property market by tracking the difference between valuations of real estate against actual sales.
651 #4 - SUBJECT ADDED ENTRY--GEOGRAPHIC NAME
Geographic name United Kingdom
Chronological subdivision
690 ## - LOCAL SUBJECT ADDED ENTRY--TOPICAL TERM (OCLC, RLIN)
Topical term or geographic name as entry element Commercial property
9 (RLIN) 6227
700 1# - ADDED ENTRY--PERSONAL NAME
Personal name Moloney, Sarah
856 40 - ELECTRONIC LOCATION AND ACCESS
Uniform Resource Identifier <a href="https://www.rics.org/globalassets/rics-website/media/knowledge/research/insights/valuation-and-sale-price-march-2019-rics.pdf">https://www.rics.org/globalassets/rics-website/media/knowledge/research/insights/valuation-and-sale-price-march-2019-rics.pdf</a>
Public note View at www.rics.org
942 ## - ADDED ENTRY ELEMENTS (KOHA)
Suppress in OPAC 0
Holdings
Withdrawn status Lost status Source of classification or shelving scheme Damaged status Not for loan Home library Current library Shelving location Date acquired Total Checkouts Full call number Barcode Date last seen Copy number Price effective from Koha item type
    Dewey Decimal Classification     Virtual Virtual Online 09/04/2019   ONLINE PUBLICATOIN 160218-2001 06/08/2019 1 06/08/2019 Book